000 00569nam a22001937a 4500
999 _c2171
_d2171
003 OSt
005 20191108154535.0
008 150730b xxu||||| |||| 00| 0 eng d
020 _a0273628232
040 _cDNLM
082 _a658.3 SPA 1998
100 _aSparrow, Paul; Marchington, Mick.
_95564
245 _aHuman Resouce Management:
_bThe new agenda
260 _aHarlow;
_bPrentice Hall,
_c1998.
300 _axix, 346 p :
_bill;
_c27cm
504 _aIncludes bibliographical references and index.
650 _aHuman resource Management
_95317
942 _2z
_cSLOAN